EDM: Guess artist based on most popular song - Statistics

General Stats
  • This quiz has been taken 204 times
  • The average score is 16 of 44
Answer Stats
Song Answer % Correct
Animals Martin Garrix
93%
Faded Alan Walker
88%
Titanium David Guetta
87%
Closer The Chainsmokers
78%
Alone Marshmello
68%
Heroes (we could be) Alesso
63%
Blah Blah Blah Armin van Buuren
61%
Call Me A Spaceman Hardwell
58%
Let Me Love You DJ Snake
51%
No Money Galantis
50%
Are You With Me Lost Frequencies
48%
More Than You Know Axwell Ingrosso
47%
Cold Water Major Lazer
47%
Tsunami Dvbbs
46%
Losing It FISHER
46%
Don't Be Shy Tiesto
44%
Ten Feet Tall Afrojack
41%
Boneless Steve Aoki
41%
Million Voices Otto Knows
38%
Toulouse Nicky Romero
37%
Wildcard KSHMR
34%
The Hum Dimitri Vegas & Like Mike
32%
Sugar Robin Schulz
32%
Hear Me Now ALOK
29%
Opus Eric Prydz
29%
Intoxicated Martin Solveig
27%
Lose Control Meduza
24%
How We Party R3HAB
23%
Mama Jonas Blue
22%
Breaking Me Topic
22%
Shotgun Yellow Claw
22%
Oracle Timmy Trumpet
21%
This Girl Kungs
19%
Be Mine Ofenbach
15%
Shades of Grey Oliver Heldens
15%
On My Mind Don Diablo
12%
You Don't Know Me Jax Jones
12%
Horse Salvatore Ganacci
12%
Adhana Vini Vici
11%
On Your Mind Kaskade
7%
Show Me Love Sam Feldt
7%
Feed Your Head Paul Kalkbrenner
4%
You're Mine Charlotte de Witte
3%
I Will Find Vintage Culture
3%
No matching quizzes found
Score Distribution
Percent of People with Each Score
Percentile by Number Answered
Your Score History
You have not taken this quiz